<?xml version="1.0" encoding="UTF-8"?>
<record
    xmlns:xsi="http://www.w3.org/2001/XMLSchema-instance"
    xsi:schemaLocation="http://www.loc.gov/MARC21/slim http://www.loc.gov/standards/marcxml/schema/MARC21slim.xsd"
    xmlns="http://www.loc.gov/MARC21/slim">

  <leader>01081ngm a22001817a 4500</leader>
  <controlfield tag="005">20170217122820.0</controlfield>
  <controlfield tag="008">160921b        xxu||||| |||| 00| 0 spa d</controlfield>
  <datafield tag="041" ind1=" " ind2=" ">
    <subfield code="a">spa</subfield>
  </datafield>
  <datafield tag="082" ind1=" " ind2=" ">
    <subfield code="a">5 DVD</subfield>
  </datafield>
  <datafield tag="245" ind1=" " ind2=" ">
    <subfield code="a">La base de la comunicaci&#xF3;n: desarrollar la confianza</subfield>
  </datafield>
  <datafield tag="500" ind1=" " ind2=" ">
    <subfield code="a">Aprenda c&#xF3;mo ser un gerente eficaz con este programa. A trav&#xE9;s de la comparaci&#xF3;n entre dos estilos de supervisi&#xF3;n, este video cautivar&#xE1; la atenci&#xF3;n de sus supervisores. Cada escena demuestra la manera m&#xE1;s eficaz de supervisar, as&#xED; como tambi&#xE9;n los resultados negativos de una mala administraci&#xF3;n. La confianza que los empleados tienen hacia sus supervisores es directamente afectada por los estilos de comunicaci&#xF3;n que estos &#xFA;ltimos adoptan. Este programa ayuda a los supervisores a desarrollar sus habilidades de comunicaci&#xF3;n con el fin de conquistar la confianza de sus empleados y mantenerla en un buen nivel</subfield>
  </datafield>
  <datafield tag="650" ind1=" " ind2=" ">
    <subfield code="a">COMUNICACI&#xD3;N</subfield>
    <subfield code="9">490</subfield>
  </datafield>
  <datafield tag="650" ind1=" " ind2=" ">
    <subfield code="a">LIDERAZGO</subfield>
    <subfield code="9">22</subfield>
  </datafield>
  <datafield tag="650" ind1=" " ind2=" ">
    <subfield code="a">CR&#xCD;TICA CONSTRUCTIVA</subfield>
    <subfield code="9">40411</subfield>
  </datafield>
  <datafield tag="650" ind1=" " ind2=" ">
    <subfield code="a">GERENTES</subfield>
    <subfield code="9">3250</subfield>
  </datafield>
  <datafield tag="650" ind1=" " ind2=" ">
    <subfield code="a">PARA&#xCD;SO</subfield>
    <subfield code="9">12884</subfield>
  </datafield>
  <datafield tag="942" ind1=" " ind2=" ">
    <subfield code="c">DVD</subfield>
  </datafield>
  <datafield tag="999" ind1=" " ind2=" ">
    <subfield code="c">8849</subfield>
    <subfield code="d">8849</subfield>
  </datafield>
  <datafield tag="952" ind1=" " ind2=" ">
    <subfield code="0">1</subfield>
    <subfield code="1">0</subfield>
    <subfield code="2">ddc</subfield>
    <subfield code="4">1</subfield>
    <subfield code="7">0</subfield>
    <subfield code="a">BACB</subfield>
    <subfield code="b">BACB</subfield>
    <subfield code="d">2017-02-17</subfield>
    <subfield code="l">1</subfield>
    <subfield code="o">5 DVD</subfield>
    <subfield code="p">5DVD</subfield>
    <subfield code="r">2018-02-05 00:00:00</subfield>
    <subfield code="s">2018-02-02</subfield>
    <subfield code="w">2017-02-17</subfield>
    <subfield code="y">DVD</subfield>
  </datafield>
</record>
